| 000 | 01520nam a2200253Ia 4500 | ||
|---|---|---|---|
| 999 |
_c51654 _d51654 |
||
| 001 | 18645 | ||
| 003 | GE_BSU | ||
| 005 | 20220920165451.0 | ||
| 008 | 181216s2008||||ge |||||||||||||| ||geo|| | ||
| 040 | _cGE_BSU | ||
| 041 | _ageo | ||
| 080 | _a39 მ-44 | ||
| 100 |
_aმახარაშვილი, გ. _910519 |
||
| 245 |
_aდიდი წარღვნის ლეგენდა აჭარის ფოლკლორში : დისერტაცია / _cგ. მახარაშვილი; სამეცნიერო ხელმძღვანელი თ. შიოშვილი, გ. ჭელიძე; ბათუმის შოთა რუსთაველის სახელმწიფო უნივერსიტეტი. |
||
| 264 |
_aბათუმი, _b _c2008. |
||
| 300 |
_a186 გვ. _b30 სმ. |
||
| 653 | _aდიდი წარღვნის ლეგენდა აჭარის ფოლკლორში | ||
| 653 | _aდისერტაცია | ||
| 653 | _aეთნოგრაფია. ეთნოლოგია | ||
| 700 |
_aშიოშვილი, თ. _e სამეცნიერო ხელმძღვანელი _910520 |
||
| 700 |
_aჭელიძე, გ. _e სამეცნიერო ხელმძღვანელი _93081 |
||
| 710 |
_aბათუმის შოთა რუსთაველის სახელმწიფო უნივერსიტეტი _910521 |
||
| 942 |
_cBK _2udc |
||